000 00825nam a2200229Ii 4500
003 JO-AjNU
008 230605s9999||||xx |||||||||||||| ||und||
017 _a3059/6/2014
020 _a978-9957-92-100-2
040 _aJO-AjNU
_bara
_erda
_cJO-AjNU
041 _aara
050 1 4 _aLC4704 2015
100 3 _aKAMHI ALAN G. ؛co-author HUGH W. CATTS ترجمة موسى محمد عمايرة ,
_eauthor
_960658
245 0 0 _aاللغة وصعوبات القراءة=LANGUAGE AND READING DISABILITES
250 _aط1
264 3 1 _aعمان: دار الفكر ناشرون وموزعون، 2015
300 _a442ص
336 _atext
_btxt
_2rdacontent
337 _aunmediated
_bn
_2rdamedia
338 _avolume
_bnc
_2rdacarrier
650 4 _aالتربية الخاصة-صعوبات التعلم-القراءة
_960659
999 _aA27365
_c30933
_d30933